000 04658nam a2200445 i 4500
001 xb27276223
006 m d
007 cr n
008 191119t20192019enka sb 000 0 eng d
020 _a9781783747191
_q(pdf)
020 _a9781783747207
_q(epub)
020 _a9781783747214
_q(mobi)
020 _a9781783747221
_q(XML)
020 _z9781783747177 (pbk.)
020 _z9781783747184 (hbk.)
040 _aStSaUL
_beng
_erda
043 _aa-io---
245 0 0 _aLifestyle in Siberia and the Russian North
_h[electronic resource] /
_cedited by Joachim Otto Habeck.
264 1 _bOpen Book Publishers,
300 _a1 online resource (488 pages) :
_b52 colour illustrations.
500 _aAvailable through Open Book Publishers.
504 _aIncludes bibliographical references and index.
505 0 _aNote on transliteration -- Notes on Contributors -- Preface -- 1. Introduction: Studying Lifestyle in Russia / Joachim Otto Habeck -- 2. Implications of Infrastructure and Technological Change for Lifestyles in Siberia / Dennis Zuev and Joachim Otto Habeck -- 3. Lifestyle and Creative Engagement with Rural Space in Northwest Russia / Masha Shaw (née Maria Nakhshina) -- 4. Holiday Convergences, Holiday Divergences: Siberian Leisure Mobilities Under Late Socialism and After / Luděk Brož and Joachim Otto Habeck -- 5. Spatial imaginaries and personal topographies in Siberian life stories: analysing movement and place in biographical narratives / Joseph J. Long -- 6. Something like Happiness: Home Photography in the Inquiry of Lifestyles / Jaroslava Panáková -- 7. Soviet Kul'tura in Post-Soviet Identification: The Aesthetics of Ethnicity in Sakha (Yakutia) / Eleanor Peers -- 8. Ethnicity on the Move: National-Cultural Organisations in Siberia / Artem Rabogoshvili 9. "We are not Playing Life, We Live Here": Playful Appropriation of Ancestral Memory in a Youth Camp in Western Siberia / Ina Schröder 10. A Taste for Play: Lifestyle and Live-Action Role-playing in Siberia and the Russian Far East / Tatiana Barchunova and Joachim Otto Habeck -- Conclusions -- Joachim Otto Habeck -- Appendix: On Research Design and Methods / Joachim Otto Habeck and Jaroslava Panáková -- List of Illustrations -- Index.
506 _aOpen access resource providing free access.
520 _a"Lifestyle in Siberia and the Russian North breaks new ground by exploring the concept of lifestyle from a distinctly anthropological perspective. Showcasing the collective work of ten experienced scholars in the field, the book goes beyond concepts of tradition that have often been the focus of previous research, to explain how political, economic and technological changes in Russia have created a wide range of new possibilities and constraints in the pursuit of different ways of life. Each contribution is drawn from meticulous first-hand field research, and the authors engage with theoretical questions such as whether and how the concept of lifestyle can be extended beyond its conventionally urban, Euro-American context and employed in a markedly different setting. Lifestyle in Siberia and the Russian North builds on the contributors' clear commitment to diversifying the field and providing a novel and intimate insight into this vast and dynamic region. This book provides inspiring reading for students and teachers of Anthropology, Sociology and Cultural Studies and for anyone interested in Russia and its regions. By providing ethnographic case studies, it is also a useful basis for teaching anthropological methods and concepts, both at graduate and undergraduate level. Rigorous and innovative, it marks an important contribution to the study of Siberia and the Russian North."--Publisher's website.
538 _aMode of access: World Wide Web.
540 _aThis work is licensed under a Creative Commons Attribution 4.0 International license (CC BY 4.0). For more detailed information consult the publisher's website.
651 0 _aRussia, Northern
_xSocial conditions.
651 0 _aRussia, Northern
_xSocial life and customs.
651 0 _aSiberia (Russia)
_xSocial conditions.
651 0 _aSiberia (Russia)
_xSocial life and customs.
700 1 _aHabeck, Joachim Otto,
_eeditor,
_eauthor.
710 2 _aOpen Book Publishers,
_epublisher.
856 4 0 _uhttp://doi.org/10.11647/OBP.0171
_zConnect to e-book
856 4 2 _uhttps://www.openbookpublishers.com/shopimages/products/cover/987.jpg
_zConnect to cover image
999 _c29169
_d29169